1659 1861 1726 1460 1737 1547 1725 1167 1511 1316 1674 1653 1040 1312 1982 1171 1777 1804 1673 1258 1708 1832 1005 1615 1919 1211 1422 1286 1510 1886 1475 1130 1089 1753 1198 1170 1816 1339 2000 1338 1885 1511 1415 1770 1395 1415 1712 1121 1480 1562 1886 1585 1734 1523 1879 1652 1412 1070 1960 1751 1495 1224 1712 1008 1220 1871 1303 1808 1380 1771 1192 1021 1584 1430 1934 1898 1346 1636 1468 1250 1214 1795 1576 1554 1934 1214 1746 1729 1329 1873 1340 1691 1892 1744 1971 1048 1114 1703 1446 BCNSPRNW ULIB Ver.6.0+V

เปลี่ยนเป็นภาษาไทย

Change to English
 แสดงรายละเอียดบรรณานุกรม
  กลับหน้าหลัก

Brief Record : Get Marc (ISO 2709) : E-mail record : QR code < ปิดหน้าต่าง
LEADER : 00000nam 2200000uu 4500
001    13399115052
003     ULIB
008    120110s2554||||th 000 0 tha d
099    วจ.WY18.2^bศ365ป
100 0  ศศิธร ชิดนายี
245 00 ปัญหาในการฝึกภาคปฏิบัติวิชาการพยาบาลผู้ใหญ่ 3 และวิชาการพยาบาลผู้ใหญ่และผู้สูงอายุ 2 วิทยาลัยพยาบาลบรมราชชนนี อุตรดิตถ์/^cศศิธร ชิดนายี,นัยนา อินธิโชติ และ น้ำค้าง วงษ์วัช
260    อุตรดิตถ์ :^bวิทยาลัยพยาบาลบรมราชชนนี อุตรดิตถ์,^c2554
300    108 หน้า :^bตาราง
500    รายงานการวิจัย
650  7 ฝึกภาคปฏิบัติ^xปัญหา^xวิจัย
700 0  นัยนา อินธิโชติ
700 0  น้ำค้าง วงษ์วัช
710 1  วิทยาลัยพยาบาลบรมราชชนนี อุตรดิตถ์
945    ^p0^l0^i019154
995    ทศพร
999 ^a ทศพร
รายการนี้ยังไม่มีแท็ก
คุณยังไม่ได้ล็อกอิน คุณสามารถมีกิจกรรมร่วมกับเว็บไซต์ได้ แต่ต้องล็อกอินก่อน ::
  ล็อกอิน

รายการสื่อสารสนเทศ

ลำดับที่ ประเภท เลขเรียก/บาร์โค้ด สถานที่ สถานะ
1. งานวิจัย
งานวิจัย
วจ.WY18.2 ศ365ป ฉ.1 
  Barcode: 019154
ห้องสมุดวิทยาเขตสวรรค์ประชารักษ์
►วิจัย
บนชั้น

รายการใกล้เคียง
    ผู้แต่ง [ศศิธร ชิดนายี]

BibComment


ยังไม่เคยถูกคอมเมนท์

คอมเมนท์ทรัพยากรรายการนี้
  คอมเมนท์: ปัญหาในการฝึกภาคป..


 Copyright 2026. Bcnsprnw @Library